000
00238nam a2200097Ia 4500
008
230915s9999 xx 000 0 und d
050
_a
QE28.2H65 1969
100
_a
HOLMES ,DORIS L.
245
0
_a
ELEMENTS OF PHYSICAL GEOLOGY
942
_c
BK
999
_c
191013
_d
191013